| 000 | 00812nam a2200253 i 4500 | ||
|---|---|---|---|
| 001 | bg | ||
| 003 | BPK | ||
| 005 | 20190722121310.0 | ||
| 008 | 000320s1979 pl a f |001 0 pol | ||
| 015 | _aPB 1980/1058 | ||
| 020 | _a8320400538 | ||
| 040 |
_aWA N _cBPK |
||
| 041 | 0 | _apol | |
| 080 | _a621.315 | ||
| 100 | 1 |
_aKrakowski, Maciej _d(1924-2004). |
|
| 245 | 1 | 0 |
_aObwody ziemnopowrotne / _cMaciej Krakowski. |
| 260 |
_aWarszawa : _bWydaw-a Naukowo-Techniczne, _c1979. |
||
| 300 |
_a274, [1] s. : _bil., tab., wykr. ; _c25 cm. |
||
| 504 | _aBibliogr. s. 266-271. - Indeks. | ||
| 650 | 4 | _aSieć elektryczna | |
| 710 | 2 |
_aWydawnictwa Naukowo-Techniczne _4pbl. |
|
| 856 |
_uhttp://koha.tu.koszalin.pl/cgi-bin/koha/opac-detail.pl?biblionumber=6139 _yKatalog online BPK |
||
| 942 |
_2UKD _cKS |
||
| 999 |
_c6139 _d6139 |
||